<?xml version="1.0" encoding="UTF-8"?>
<collection xmlns:xsi="http://www.w3.org/2001/XMLSchema-instance" xsi:schemaLocation="http://www.loc.gov/MARC21/slim http://www.loc.gov/standards/marcxml/schema/MARC21slim.xsd" xmlns="http://www.loc.gov/MARC21/slim">
 <record>
  <leader>00000cgc a22000004a 4500</leader>
  <controlfield tag="001">UP-99796217612497105</controlfield>
  <controlfield tag="003">Buklod</controlfield>
  <controlfield tag="005">20230215091348.0</controlfield>
  <controlfield tag="006">m||||fo||j| ||||||</controlfield>
  <controlfield tag="007">cr nn |||auu|a</controlfield>
  <controlfield tag="008">170619s        xx     d||| |     ||   ||</controlfield>
  <datafield tag="035" ind1=" " ind2=" ">
   <subfield code="a">(iLib)UPD-00264107544</subfield>
  </datafield>
  <datafield tag="040" ind1=" " ind2=" ">
   <subfield code="a">DLC</subfield>
   <subfield code="d">DMLM</subfield>
  </datafield>
  <datafield tag="041" ind1="0" ind2=" ">
   <subfield code="a">chi</subfield>
   <subfield code="a">eng</subfield>
  </datafield>
  <datafield tag="042" ind1=" " ind2=" ">
   <subfield code="a">DMLUC</subfield>
  </datafield>
  <datafield tag="090" ind1=" " ind2=" ">
   <subfield code="a">VDR-1730</subfield>
  </datafield>
  <datafield tag="245" ind1="0" ind2="4">
   <subfield code="a">The missing gun</subfield>
   <subfield code="h">[videorecording]</subfield>
   <subfield code="c">China Film Group Inc. ; Huayi Brothers &amp; Taihe Film Investment Co. LTD. ; Lu Chuan Film ; producer, Yang Buting Wang Zhongjun, Jian Wen, Cao Biao; music, Felling Band ; director, Lu Chuan.</subfield>
  </datafield>
  <datafield tag="246" ind1="3" ind2="1">
   <subfield code="a">Missing gun</subfield>
  </datafield>
  <datafield tag="264" ind1=" " ind2="1">
   <subfield code="a">Beijing, China</subfield>
   <subfield code="b">China Film Group Inc.; distributed in the Philippines by MagnaVision</subfield>
   <subfield code="c">c2002.</subfield>
  </datafield>
  <datafield tag="300" ind1=" " ind2=" ">
   <subfield code="a">2 videodiscs (89 min.)</subfield>
   <subfield code="b">sd., col.</subfield>
   <subfield code="c">4 3/4 in.</subfield>
  </datafield>
  <datafield tag="500" ind1=" " ind2=" ">
   <subfield code="a">Based on the story &quot;The search for a missing gun&quot; by Fan Yiping.</subfield>
  </datafield>
  <datafield tag="511" ind1="1" ind2=" ">
   <subfield code="a">Jiang Wen, Wu Yujuan, Ning Jing, Liu Xiaoning ; editor, Zhang Yifan ; art director, Lv Dong; director of photography, Xie Zhengyu; writer, Lu Chuan.</subfield>
  </datafield>
  <datafield tag="520" ind1=" " ind2=" ">
   <subfield code="a">A small-town cop wakes up one morning after a wild night of celebration to discover that his gun- a rare, state-issued firearm loaded with three bullets - is missing. While he attempts to retrace his steps from the previous night - his ex-girlfriend turns up dead and the bullet appears to be from his gun!. Now, in order to clear his name and convince the authorities that he's not the killer, he must race againts time to find the gun before the other two bullets find their next victims.</subfield>
  </datafield>
  <datafield tag="538" ind1=" " ind2=" ">
   <subfield code="a">VCD.</subfield>
  </datafield>
  <datafield tag="650" ind1=" " ind2="0">
   <subfield code="a">Feature films.</subfield>
  </datafield>
  <datafield tag="650" ind1=" " ind2="0">
   <subfield code="a">Feature films</subfield>
   <subfield code="z">China.</subfield>
  </datafield>
  <datafield tag="650" ind1=" " ind2="0">
   <subfield code="a">Foreign films.</subfield>
  </datafield>
  <datafield tag="700" ind1="1" ind2=" ">
   <subfield code="a">Lu Chuan.</subfield>
  </datafield>
  <datafield tag="842" ind1=" " ind2=" ">
   <subfield code="a">Visual Material</subfield>
  </datafield>
  <datafield tag="905" ind1=" " ind2=" ">
   <subfield code="a">FO</subfield>
  </datafield>
  <datafield tag="852" ind1="0" ind2=" ">
   <subfield code="a">UPD</subfield>
   <subfield code="b">DMLR</subfield>
   <subfield code="h">VDR-1730</subfield>
  </datafield>
  <datafield tag="942" ind1=" " ind2=" ">
   <subfield code="a">Visual Material</subfield>
  </datafield>
 </record>
</collection>
